000 00477cam a2200205ua 4500
001 10456
005 20260515114626.0
008 190225n ii |||gr||||Z||||||eng
020 _a9788120757905
040 _cMAIN
041 _aeng
082 _a300.072
100 _aBN Ghosh,
_eAuthor.
245 _aScientific method and social research
250 _a4th ed.
260 _aNew Delhi:
_bSterling,
_c2015.
300 _a331p.
653 _aSocial sciences
942 _cBK
999 _c9433
_d9433